Nejvíce Používané Jazyky - Statistics

General Stats
  • This quiz has been taken 98 times
  • The average score is 14 of 52
Answer Stats
# Jazyk % Correct
379 m Angličtina
99%
480 m Španělština
93%
154 m Ruština
88%
90.2 m Němčina
86%
77.2 m Francouzština
83%
128 m Japonština
82%
221 m Portugalština
81%
64.8 m Italština
75%
> 275 m Arabština
65%
39.7 m Polština
63%
27.3 m Ukrajinština
61%
77.3 m Korejština
58%
50.1 m Min
53%
76.0 m Vietnamština
52%
918 m Mandarínština
49%
341 m Hindština
47%
79.4 m Turečtina
47%
> 59 m Malajština / Indonéština
36%
24.3 m Rumunština
36%
20.7 m Thajština
33%
23.1 m Nizozemština
22%
52.8 m Perština
17%
228 m Bengálština
13%
75.0 m Tamilština
10%
73.1 m Kantonština
8%
43.6 m Kannadština
7%
81.4 m Wu
7%
125 m Paňdžábština
6%
68.6 m Urdština
5%
32.9 m Barmština
4%
83.1 m Maráthština
4%
82.0 m Telugština
4%
56.4 m Gudžarátština
2%
27.0 m Igbo
2%
31.8 m Paštúnština
2%
23.6 m Tagalog
2%
25.1 m Uzbečtina
2%
21.9 m Amharština
1%
48.2 m Hakka
1%
46.9 m Jin
1%
33.9 m Maithilština
1%
37.1 m Malajálamština
1%
24.6 m Sindhština
1%
34.5 m Urijština
1%
37.3 m Xiang
1%
52.2 m Bhódžpurština
0%
22.1 m Gan
0%
43.9 m Hauština
0%
68.3 m Javánština
0%
37.8 m Jorubština
0%
20.7 m Magahijština
0%
32.4 m Sundánština
0%
No matching quizzes found
Score Distribution
Percent of People with Each Score
Percentile by Number Answered
Your Score History
You have not taken this quiz